000 00815nas a2200265 i 4500
001 2593
003 ES-MaACL
005 20250826054354.0
007 t|
008 950801d18031812fr | | 1 ||re d
080 _a(059)(44)
245 0 2 _aL'Almanach des gourmands
_b: servant de guide dans les moyens de faire excellente chère.
250 _a2nd ed. rev. corr. et augm.
260 _aParis :
_bImp. Cellot,
_c[1803-1812]
300 _a1 v. ;
_c15 cm.
310 _aAnual
362 0 _a[1re année] (an XI=1803)-8e année (1812)
505 8 _aLa 2e année à une 2e éd. en 1805
650 7 _aGastronomía
_2embne
_913036
655 0 _aAlmanaques
_9241262
852 _aES-MaACL
_cDEPO
_dOlim:G-1883
_jR-3187
866 0 _o1805.
942 _2udc
_cPERIODICA
_n0
999 _c2593
_d2593